Americas English proficiency, top 10 - Statistics

General Stats
  • This quiz has been taken 17 times
  • The average score is 8 of 11
Answer Stats
Hint Answer % Correct
5. United States
94%
1. Canada
81%
9. Mexico
81%
4, Argentina
75%
6. Jamaica
75%
9. Peru
75%
2. Uruguay
75%
8. Brazil
69%
3. Costa Rica
69%
6. Bahamas
63%
9. Suriname
50%
No matching quizzes found
Score Distribution
Percent of People with Each Score
Percentile by Number Answered
Your Score History
You have not taken this quiz